Qasam us waqt ki: Jb zindagi shroo hogi ka dosra hisa (Record no. 63115)

000 -LEADER
fixed length control field 00502nam a22001817a 4500
003 - CONTROL NUMBER IDENTIFIER
control field NUST - PNEC
005 - DATE AND TIME OF LATEST TRANSACTION
control field 20170116180804.0
008 - FIXED-LENGTH DATA ELEMENTS--GENERAL INFORMATION
fixed length control field 150421b xxu||||| |||| 00| 0 eng d
020 ## - INTERNATIONAL STANDARD BOOK NUMBER
International Standard Book Number 9789699807039
040 ## - CATALOGING SOURCE
Transcribing agency LIBRARY
082 ## - DEWEY DECIMAL CLASSIFICATION NUMBER
Classification number 891.439 YAH
100 ## - MAIN ENTRY--PERSONAL NAME
9 (RLIN) 2823
Personal name Yahya, Abu
245 ## - TITLE STATEMENT
Title Qasam us waqt ki: Jb zindagi shroo hogi ka dosra hisa
Statement of responsibility, etc. Abu Yahya
260 ## - PUBLICATION, DISTRIBUTION, ETC.
Name of publisher, distributor, etc. Andaz Publishers,
300 ## - PHYSICAL DESCRIPTION
Extent various pagings:
Dimensions 22 cm.
650 ## - SUBJECT ADDED ENTRY--TOPICAL TERM
9 (RLIN) 5288
Topical term or geographic name entry element Urdu literature
General subdivision General
942 ## - ADDED ENTRY ELEMENTS (KOHA)
Source of classification or shelving scheme
Koha item type Book
Holdings
Withdrawn status Lost status Source of classification or shelving scheme Damaged status Not for loan Permanent Location Current Location Shelving location Date acquired Total Checkouts Full call number Barcode Date last seen Price effective from Koha item type Date last checked out
          Pakistan Navy Engineering College (PNEC) Pakistan Navy Engineering College (PNEC)       891.439 YAH PNECLIB-031869 04/21/2015   Book  
          Pakistan Navy Engineering College (PNEC) Pakistan Navy Engineering College (PNEC)     1 891.439 YAH PNECLIB-031867 04/28/2016   Book 04/12/2016
© 2023 Central Library, National University of Sciences and Technology. All Rights Reserved.